[Event "Portugal Open 2019"]
[Site "Lisbon"]
[Date "2019.02.08"]
[Round "8.3"]
[White "Stefansson, Hannes"]
[Black "Petrov, Nikita"]
[Result "1/2-1/2"]
[WhiteElo "2514"]
[BlackElo "2585"]
[Annotator "TA"]
[PlyCount "39"]
[EventDate "2019.01.25"]
[EventType "swiss"]
[EventCountry "POR"]
[SourceTitle "playchess.com"]
[Source "ChessBase"]
[SourceQuality "1"]

{[%evp 12,39,25,18,27,17,43,0,0,-14,37,31,34,38,41,27,37,7,10,0,20,21,33,31,47,-19,15,16,8,0]} 1. e4 c5 2. Nf3 d6 3. d4 cxd4 4. Nxd4 Nf6 5. Nc3 a6 6. h3 e5 7. Nde2 h5 {B90: Sicilian Najdorf: Unusual White 6th moves, 6 Be3 Ng4 and 6 Be3 e5} 8. Bg5 (8. Nd5 Nxd5 9. Qxd5 Nc6 10. Qd1 Be6 11. Nc3 Rc8 12. Be3 Ne7 13. Be2 d5 14. exd5 Nxd5 15. Nxd5 Qxd5 {½-½ (26) Wang,H (2730)-Giri,A (2783) St Petersburg 2018}) 8... Be7 9. Bxf6 (9. Ng3 $14) 9... Bxf6 $11 10. Nd5 g6 (10... Bg5 $11) 11. Nxf6+ $14 Qxf6 12. Nc3 O-O 13. Nd5 Qd8 14. Be2 $146 ({Predecessor:} 14. Bc4 Be6 15. Ne3 {½-½ (50) Troyke,J (1924)-Wong,G (2194) Wuerzburg 2018}) 14... Be6 15. O-O Nc6 16. c3 Ne7 17. Bc4 Kg7 18. Be2 (18. Ne3 $14) 18... Kg8 19. Nxe7+ Qxe7 20. Qd2 {Accuracy: White = 43%, Black = 22%.} 1/2-1/2

[Event "Portugal Open 2019"]
[Site "Lisbon"]
[Date "2019.02.08"]
[Round "8.4"]
[White "Galego, Luis"]
[Black "Hansen, Eric"]
[Result "1/2-1/2"]
[WhiteElo "2508"]
[BlackElo "2615"]
[Annotator "TA"]
[PlyCount "62"]
[EventDate "2019.01.25"]
[EventType "swiss"]
[EventCountry "POR"]
[SourceTitle "playchess.com"]
[Source "ChessBase"]
[SourceQuality "1"]

{[%evp 18,62,0,0,0,0,22,11,11,7,44,40,36,40,32,25,32,36,35,38,33,31,23,26,17,23,33,30,36,35,83,86,114,39,77,29,37,0,0,-55,-60,-43,0,0,0,-60,0]} 1. Nf3 g6 2. d4 Nf6 3. Bg5 Bg7 4. Nbd2 O-O 5. e4 d6 6. c3 c5 7. dxc5 dxc5 8. Bc4 Nc6 9. h3 Qc7 10. O-O b6 {A48: 1 d4 Nf6 2 Nf3 g6: Torre, London and Colle Systems} 11. Re1 Nh5 12. Nf1 $146 {[%cal Bd2f1,Bf1e3,Be3g4,Bg4h6][%mdl 32]} ({Predecessor:} 12. Nh2 h6 13. Be3 Kh7 14. Ng4 e6 15. Nf3 f5 16. exf5 exf5 17. Ngh2 Bb7 18. Bd2 {½-½ (77) Kantsler,B (2474)-Avrukh,B (2600) Ramat Aviv 2004}) 12... Rd8 {The position is equal.} 13. Qc1 Bb7 14. Ne3 Ne5 15. Nxe5 $1 Bxe5 16. Ng4 {[#] Threatens to win with Nh6+.} Bf4 $1 {[%cal Rf4c1]} 17. Bxf4 Qxf4 18. Qxf4 Nxf4 19. Nh6+ Kg7 20. Nxf7 Rd2 {[#] Strongly threatening ...b5.} 21. Ne5 Rxb2 22. Rad1 {Black must now prevent Rd7.} b5 23. Bf1 Bc8 24. Rd8 c4 25. a4 ({White should try} 25. Re8 $16) 25... a6 26. Re8 Kf6 27. Nd7+ Kf7 $1 {[%cal Rf7e8]} 28. Rh8 (28. Rf8+ $11 Kg7 29. axb5 axb5 30. Rd1) 28... Kg7 $15 29. Re8 Kf7 30. Rh8 (30. Rf8+ $11 Kg7 31. Rd1) 30... Kg7 31. Re8 Kf7 {Accuracy: White = 60%, Black = 55%.} (31... Ra7 $1 $15 32. Ne5 (32. Rxc8 Rxd7 33. g3 Nd3 $15) (32. Rxe7+ Kh6 $15) 32... Rc7) 1/2-1/2

[Event "Portugal Open 2019"]
[Site "Lisbon"]
[Date "2019.02.08"]
[Round "8.6"]
[White "Kadric, Denis"]
[Black "Bilguun, Sumiya"]
[Result "0-1"]
[WhiteElo "2545"]
[BlackElo "2471"]
[Annotator "TA"]
[PlyCount "100"]
[EventDate "2019.01.25"]
[EventType "swiss"]
[EventCountry "POR"]
[SourceTitle "playchess.com"]
[Source "ChessBase"]
[SourceQuality "1"]

{[%evp 14,100,46,50,66,66,80,60,45,48,58,65,73,62,66,58,48,34,37,-47,-43,-47,-52,-58,-52,-52,-45,-100,0,-56,-60,-160,-166,-167,-172,-175,-170,-180,-49,-53,-45,-39,-43,-34,-34,-38,-41,-47,-25,-58,-43,-37,-18,-83,-77,-116,-113,-114,-115,-154,-97,-177,-159,-210,-254,-253,-260,-314,-308,-288,-289,-268,-256,-732,-716,-601,-558,-29968,-29968,-29968,-29968,-29965,-29963,-29973,-29973,-29980,-29981,-29985,-29981]} 1. e4 c5 2. Nf3 e6 3. d4 cxd4 4. Nxd4 a6 5. Nc3 b5 6. Bd3 Bb7 7. O-O Nf6 {B43: Sicilian: Kan Variation: 5 Nc3} (7... Nc6 8. Nxc6 Bxc6 9. Re1 Bc5 10. Qh5 Bd4 11. Ne2 g6 12. Qh3 Bg7 13. c3 Nf6 14. Nd4 Bb7 15. Bh6 O-O 16. Bxg7 Kxg7 {½-½ (36) Guseinov,G (2664)-Popov,I (2592) St Petersburg 2018}) 8. Re1 {LiveBook: 3 Games} Qb6 9. Nb3 h5 $146 {White is slightly better.} ({Predecessor:} 9... Be7 10. e5 Nd5 11. Nxd5 Bxd5 12. Qg4 Kf8 13. Be4 h5 14. Qf3 Bc6 15. Be3 {½-½ (81) Petrone,G (1814)-Astengo,C (2146) Milan 2011}) 10. h3 Qc7 11. e5 b4 12. exf6 bxc3 13. Be4 gxf6 14. Qf3 $1 Bxe4 $1 15. Rxe4 Be7 16. bxc3 (16. Re3 $14 Nc6 17. Rxc3) 16... d5 $15 17. Re2 Nd7 {[%cal Bb8d7,Bd7e5,Be5f3][%mdl 32]} 18. Bf4 Ne5 19. Qg3 {[%cal Re2e5] Hoping for Rxe5.} Bd6 20. Qh4 {[#]} (20. Rae1 $15) 20... Qxc3 (20... Nf3+ $1 $17 {[%mdl 512]} 21. gxf3 Bxf4 22. Qxf6 Rh6) 21. Bd2 ({Avoid the trap} 21. Qxf6 $2 Nf3+ $1 {[%mdl 512]} 22. gxf3 Qxf6 $19) (21. Re3 $1 $11 Qb2 22. c3 (22. Qxf6 $2 Nf3+ 23. Rxf3 Qxf6 $19)) 21... Rg8 $1 ({Stronger than} 21... Nf3+ 22. gxf3 Qxf3 23. Re3 $16) 22. Bxc3 (22. Qxh5 $15 Qf3 23. Qxf3 Nxf3+ 24. Kf1 Nh2+ 25. Kg1 Nf3+ 26. Kf1 Nh2+ 27. Kg1 Nf3+) 22... Nf3+ $1 $17 23. Kf1 Nxh4 24. g3 Nf5 $1 25. Bxf6 {[#]} Rc8 (25... Bxg3 $1 $19 {[%mdl 512] And now ...Bh2 would win.} 26. fxg3 Nxg3+ 27. Kf2 Nxe2 28. Kxe2 Rg2+ 29. Kd3 Rf2) 26. Nd4 $15 Be7 27. Be5 {Nxf5 is the strong threat.} Nxd4 28. Bxd4 Kd7 29. Rb1 Rb8 30. Rb3 a5 {[%cal Ba6a5,Ba5a4][%mdl 32]} 31. Kg2 a4 $36 {[%mdl 2048] White is under pressure.} 32. Rf3 f5 33. Be5 {[#]} (33. Rfe3 $11 {remains equal.} Rg6 34. c4) 33... Rb4 $1 $17 34. Rc3 Bd6 35. Bxd6 Kxd6 {[%mdl 4096] Endgame KRR-KRR} 36. Rce3 Re8 ({Better is} 36... Re4 37. c3 Rc8) 37. c3 (37. Rc3 $17) 37... Rc4 38. a3 (38. Rf3 $17 {keeps fighting.}) 38... Re4 $19 39. Rxe4 fxe4 {KR-KR} 40. Rb2 Rc8 41. Rb4 Rxc3 42. Rxa4 Ke5 43. Ra8 $2 (43. Ra5) 43... d4 {[%cal Bd5d4,Bd4d3][%mdl 32]} 44. Ra5+ Kf6 45. Kf1 Rc1+ {Black mates.} 46. Ke2 d3+ 47. Kd2 Rf1 48. Ra4 Rxf2+ 49. Ke1 Re2+ 50. Kd1 Ke5 {Precision: White = 36%, Black = 70%.} 0-1

[Event "Portugal Open 2019"]
[Site "Lisbon"]
[Date "2019.02.08"]
[Round "8.7"]
[White "Spraggett, Kevin"]
[Black "Alshameary Puente, Ismael"]
[Result "1/2-1/2"]
[WhiteElo "2513"]
[BlackElo "2418"]
[Annotator "TA"]
[PlyCount "120"]
[EventDate "2019.01.25"]
[EventType "swiss"]
[EventCountry "POR"]
[SourceTitle "playchess.com"]
[Source "ChessBase"]
[SourceQuality "1"]

{[%evp 20,120,0,-17,-11,-25,-25,-24,-27,-23,-31,-23,-26,-48,-39,-55,-21,-22,2,0,42,42,37,-71,59,56,57,56,62,56,61,62,66,48,49,53,43,17,19,23,21,26,24,29,16,0,11,17,19,12,26,12,89,91,93,73,230,230,232,42,272,37,37,39,51,51,51,51,51,51,51,51,54,51,51,51,59,59,108,108,108,108,108,108,108,108,108,108,108,0,108,108,108,108,108,108,108,108,108,108,108,108,115]} 1. e4 c5 2. Nf3 d6 3. d4 cxd4 4. Nxd4 Nf6 5. Nc3 a6 6. Be2 e5 7. Nb3 Be7 8. O-O O-O 9. Re1 Be6 10. Bf1 Nbd7 11. Nd5 Nxd5 {B92: Sicilian Najdorf: 6 Be2} 12. exd5 Bf5 13. a4 Rc8 {Black has an edge.} 14. c3 Bg6 15. a5 f5 16. f4 {[#]} Nf6 $146 ({Predecessor:} 16... Bf6 17. Ra4 Nc5 18. Rb4 Nxb3 19. Rxb3 {1-0 (31) Spraggett,K (2526)-Gallagher,J (2519) France 2001}) 17. Be3 Bf7 18. c4 Bh5 19. Qd3 $36 {[%mdl 2048] White is more active.} Ne4 20. Bb6 $1 {[%cal Rb6d8]} Qd7 21. Nd2 (21. fxe5 $1 $14 {keeps the upper hand.} dxe5 22. Nd2) 21... Bh4 {[#]} (21... exf4 $17 22. Nxe4 fxe4 23. Qxe4 Bf6) 22. fxe5 $1 $14 {[%mdl 512]} dxe5 23. Nxe4 fxe4 24. Qxe4 Bxe1 25. Rxe1 Rce8 26. Bc5 {[%mdl 1024] White has compensation.} (26. h3 {seems wilder.} Rf6 27. Qe3 Qf7 28. b4 Bg6 29. Bc5) 26... Rf4 27. Qe3 Bg6 28. b4 (28. Qg3 {looks sharper.} Qf5 29. Qc3 Qf7 30. h3 Rf6 31. Qg3) 28... Re4 29. Qd2 Rxe1 30. Qxe1 h6 31. Qd2 Qf5 32. Be2 (32. Qd1 {keeps more tension.} Rd8 33. b5 Rd7 34. bxa6 bxa6 35. Bb6) 32... Qb1+ 33. Qd1 Qxd1+ 34. Bxd1 $11 {[%mdl 4096] Endgame KRB-KB} Bd3 35. Bb3 e4 (35... Rc8 $11 {keeps the balance.}) 36. Kf2 $16 e3+ 37. Bxe3 Re4 $2 (37... Kf7 $16) 38. d6 $18 Kf7 {[#]} 39. Bc5 $2 ({Not} 39. Kf3 Rxc4 40. h4 Ke8 $16) ({White must play} 39. Ba4 $1 $18 {d7 is the strong threat.} Re8 40. Bxe8+ Kxe8 41. c5) 39... Re8 $2 {[#]} (39... Ke6 $14) 40. d7 $2 (40. Bb6 $1 $18 Ke6 41. Ba4) 40... Rd8 $14 41. Ba4 Bf5 42. Bb6 Rxd7 43. Bxd7 Bxd7 {KB-KB} 44. Ke3 Bc6 45. g3 Ke6 46. Kd4 g6 47. Kc5 h5 48. Bc7 Kd7 49. Kb6 Kc8 50. Bf4 Be4 51. b5 axb5 52. cxb5 Bd3 53. Kc5 Kd7 54. Kb6 Kc8 $1 55. a6 {White is better.} bxa6 56. bxa6 Be2 57. a7 Bf3 58. h3 Bg2 59. g4 hxg4 60. hxg4 Bf3 {Accuracy: White = 56%, Black = 52%.} 1/2-1/2

[Event "Portugal Open 2019"]
[Site "Lisbon"]
[Date "2019.02.08"]
[Round "8.8"]
[White "Iniyan, P."]
[Black "Dvirnyy, Danyyil"]
[Result "1/2-1/2"]
[WhiteElo "2480"]
[BlackElo "2487"]
[Annotator "TA"]
[PlyCount "61"]
[EventDate "2019.01.25"]
[EventType "swiss"]
[EventCountry "POR"]
[SourceTitle "playchess.com"]
[Source "ChessBase"]
[SourceQuality "1"]

{[%evp 27,61,21,18,0,3,-2,28,0,43,15,8,8,8,8,8,8,8,8,8,8,8,8,5,0,0,0,0,0,0,0,0,0,0,0,0,0]} 1. d4 d5 2. c4 e6 3. Nf3 Nf6 4. Bg5 Be7 5. e3 O-O 6. Nc3 h6 7. Bh4 Ne4 8. Bxe7 Qxe7 9. Rc1 c6 10. Bd3 Nxc3 11. Rxc3 dxc4 12. Bxc4 Nd7 13. O-O b6 14. Bd3 c5 15. Be4 {D56: Queen's Gambit Declined: Lasker Defence} Rb8 16. Qa4 {[#]} a6 $146 ({Predecessor:} 16... Nf6 17. Bc6 cxd4 18. Nxd4 e5 19. Nf3 Rd8 20. h3 a6 21. Rfc1 b5 22. Qa5 Be6 23. Qxa6 {½-½ (44) Svidler,P (2751)-Caruana,F (2807) Saint Louis 2016}) 17. Rfc1 {White has an edge.} Nf6 18. dxc5 bxc5 {[#] Hoping for ...Rb4.The position is equal.} 19. Rxc5 Nxe4 20. Qxe4 Bb7 21. Qe5 Bxf3 $1 22. gxf3 Qb7 23. Rc6 Qxb2 24. Qxb2 Rxb2 25. Rxa6 $11 {[%mdl 4096] Endgame KRR-KRR} Rd8 26. a4 Rdd2 27. Rf1 Ra2 28. Ra8+ Kh7 29. Ra7 Kg8 30. Kg2 g5 31. Kg3 {Accuracy: White = 62%, Black = 76%.} 1/2-1/2

[Event "Portugal Open 2019"]
[Site "Lisbon"]
[Date "2019.02.08"]
[Round "8.9"]
[White "David, Alberto"]
[Black "Gu, Xiaobing"]
[Result "1-0"]
[WhiteElo "2560"]
[BlackElo "2326"]
[Annotator "RC"]
[PlyCount "75"]
[EventDate "2019.01.25"]
[EventType "swiss"]
[EventCountry "POR"]
[SourceTitle "playchess.com"]
[Source "ChessBase"]
[SourceQuality "1"]
[TimeControl "5400+30"]

1. d4 {[%emt 0:00:12]} Nf6 {[%emt 0:00:00]} 2. c4 {[%emt 0:00:27]} g6 {[%emt 0:00:52]} 3. Nc3 {[%emt 0:00:09]} Bg7 {[%emt 0:00:04]} 4. e4 {[%emt 0:00:04]} d6 {[%emt 0:00:03]} 5. Be2 {[%emt 0:00:09]} O-O {[%emt 0:00:33]} 6. Be3 {[%emt 0:00:05]} c6 {[%emt 0:04:08]} 7. Nf3 {[%emt 0:02:14]} Na6 {[%emt 0:07:31]} 8. O-O {[%emt 0:06:00]} e5 {[%emt 0:00:09]} 9. d5 {[%emt 0:00:07]} Ng4 {[%emt 0:00:28]} 10. Bg5 {[%emt 0:00:25]} f6 {[%emt 0:00:05]} 11. Bh4 {[%emt 0:01:36]} c5 {[%emt 0:01:33]} 12. Ne1 {[%emt 0:04:20]} Nh6 {[%emt 0:00:48]} 13. Nd3 {[%emt 0:03:15]} Bd7 {[%emt 0:12:32]} 14. a3 {[%emt 0:07:46]} b6 {[%emt 0:00:05]} 15. Rb1 {[%emt 0:03:27]} Qe7 {[%emt 0:01:15]} 16. f3 {[%emt 0:02:12]} Nf7 {[%emt 0:00:03]} 17. b4 {[%emt 0:01:16]} Bh6 {[%emt 0:08:23]} 18. Bf2 {[%emt 0:01:49]} f5 {[%emt 0:00:27]} 19. Kh1 {[%emt 0:01:59]} Bg5 {[%emt 0:14:40]} 20. bxc5 {[%emt 0:09:34]} bxc5 {[%emt 0:02:47]} 21. exf5 {[%emt 0:03:44]} gxf5 {[%emt 0:01:10]} 22. f4 {[%emt 0:00:05]} exf4 {[%emt 0:01:41]} 23. Be1 {[%emt 0:14:44]} Ne5 {[%emt 0:01:57]} 24. Nxf4 {[%emt 0:01:55]} Ng4 {[%emt 0:01:03]} 25. Rf3 {[%emt 0:01:27]} Rab8 {[%emt 0:13:08]} 26. Rxb8 {[%emt 0:04:15]} Rxb8 {[%emt 0:00:15]} 27. Bd2 {[%emt 0:00:12]} Bh4 {[%emt 0:07:55]} 28. Nd3 {[%emt 0:03:41]} Bf6 {[%emt 0:02:21]} 29. Nb5 {[%emt 0:04:05]} Bxb5 {[%emt 0:04:49]} 30. cxb5 {[%emt 0:00:04]} Rxb5 {[%emt 0:04:55]} 31. h3 {[%emt 0:02:23]} c4 {[%emt 0:02:34]} 32. hxg4 {[%emt 0:00:53]} cxd3 {[%emt 0:00:58]} 33. Bxd3 {[%emt 0:00:04]} Rxd5 {[%emt 0:00:39]} 34. Bc4 {[%emt 0:01:01]} Nc7 {[%emt 0:03:54]} 35. Qb3 {[%emt 0:01:11]} Qe5 {[%emt 0:01:58]} 36. Qb8+ {[%emt 0:02:12]} Kg7 {[%emt 0:00:01]} 37. Qxc7+ {[%emt 0:00:14]} Kg6 {[%emt 0:00:02]} 38. gxf5+ {[%emt 0:00:20]} 1-0

[Event "Portugal Open 2019"]
[Site "Lisbon"]
[Date "2019.02.08"]
[Round "8.10"]
[White "Christiansen, Johan-Sebastian"]
[Black "Fus, Jakub"]
[Result "1-0"]
[WhiteElo "2559"]
[BlackElo "2326"]
[Annotator "TA"]
[PlyCount "85"]
[EventDate "2019.01.25"]
[EventType "swiss"]
[EventCountry "POR"]
[SourceTitle "playchess.com"]
[Source "ChessBase"]
[SourceQuality "1"]

{[%evp 11,85,0,17,24,27,16,30,18,12,6,13,-12,-7,-22,-25,-11,20,13,29,0,1,0,0,0,0,-20,-12,-14,0,-24,-2,-17,0,0,0,0,0,0,0,-25,-18,-20,-21,-14,0,0,0,0,0,0,0,0,66,101,72,31,121,169,169,125,135,95,104,99,108,102,100,102,29995,29996,29996,29997,29997,29998,29998,29999]} 1. d4 Nf6 2. Bf4 d5 3. e3 e6 4. Nf3 c5 5. Nbd2 Nc6 6. c3 cxd4 7. exd4 {D02: 1 d4 d5 2 Nf3 sidelines, including 2...Nf6 3 g3 and 2...Nf6 3 Bf4} Nh5 8. Be3 Bd6 9. Ne5 {White has an edge.} (9. Bd3 Nf4 10. Bxf4 Bxf4 11. g3 Bd6 12. O-O O-O 13. Re1 Bd7 14. h4 h6 {1-0 (44) Caruana,F (2822)-Aronian,L (2767) chess.com INT 2018}) 9... g6 10. Nd3 O-O 11. Be2 Ng7 $1 12. Nf3 f6 13. O-O $146 ({Predecessor:} 13. b4 Qe7 14. O-O Nf5 {½-½ (87) Mikadze,M (2268)-Tarun,K (1920) Batumi 2018}) 13... e5 14. dxe5 fxe5 {aiming for ...e4.} 15. Qb3 (15. Nb4 $5) 15... Bc7 {And now ...e4 would win.} 16. Nb4 Nxb4 17. Qxb4 Nf5 18. Rad1 Nxe3 19. fxe3 {Rxd5! is the strong threat.} Be6 20. e4 Rf4 21. Nd2 {[%cal Bf3d2,Bd2e4,Be4d6][%mdl 32]} (21. Qxb7 Rb8 $17) 21... Bb6+ 22. Kh1 Qf8 23. Qb3 Qf7 24. Rxf4 exf4 25. Qc2 dxe4 26. Nxe4 Bf5 ({Don't play} 26... Bxa2 $6 27. c4 $14) 27. Qa4 {Strongly threatening Bc4.} Rd8 28. Rxd8+ Bxd8 29. Bc4 {White threatens Qe8+ and mate.} Be6 30. Nd6 Qe7 31. Nxb7 Bb6 (31... Kg7 $11 32. Bxe6 (32. Qxa7 Bxc4 33. Qd4+ {[%mdl 64] Double Attack} Kh6 $17) 32... Qxe6 33. Qxa7 Bc7) 32. Qb4 $36 {[%mdl 2048] Keeping Black busy.} Qd7 33. Nd6 Bxc4 ({Better is} 33... Kh8 $14 34. Bb5 Qe7 35. Qxf4 Bxa2) 34. Qxc4+ $16 {[%mdl 64] [#] Double Attack} Kg7 35. Qxf4 Qe6 36. Ne4 Qxa2 37. Qe5+ Kh6 {[%cal Ra2b1]} 38. Qg5+ Kg7 {( -> ...Qb1+)} 39. Qe7+ Kh6 $2 {[%mdl 8192]} (39... Qf7 $16 40. Qxf7+ (40. Qe5+ Kf8 $14) 40... Kxf7) 40. Qf8+ {White mates.} Kh5 41. Ng3+ Kg5 {[#]} 42. h4+ $1 {[%mdl 512]} Kg4 (42... Kxh4 43. Qf4#) 43. Qf3+ {Accuracy: White = 52%, Black = 62%.} 1-0

[Event "Portugal Open 2019"]
[Site "Lisbon"]
[Date "2019.02.08"]
[Round "8.11"]
[White "Jakubowski, Krzysztof"]
[Black "Godzwon, Iwo"]
[Result "1-0"]
[WhiteElo "2514"]
[BlackElo "2322"]
[Annotator "TA"]
[PlyCount "125"]
[EventDate "2019.01.25"]
[EventType "swiss"]
[EventCountry "POR"]
[SourceTitle "playchess.com"]
[Source "ChessBase"]
[SourceQuality "1"]

{[%evp 11,125,10,24,29,23,28,25,23,36,35,39,12,17,0,50,34,46,45,45,40,44,40,68,75,95,75,93,56,55,56,67,41,35,37,52,49,63,19,36,0,0,-14,0,-9,0,-12,-15,-17,0,-10,-9,-41,0,0,22,18,111,108,110,110,108,90,90,12,12,12,12,12,19,9,14,14,15,14,17,9,11,12,15,8,17,20,39,31,66,66,66,66,70,70,70,70,74,74,74,74,29982,29983,29982,74,74,74,74,74,74,74,29973,29976,100,29977,29977,29978,29989,29990,29990,29991]} 1. e4 e5 2. Nf3 Nc6 3. Bb5 a6 4. Bxc6 dxc6 5. Nc3 Bd6 6. d4 Bg4 7. dxe5 {C68: Ruy Lopez: Exchange Variation, sidelines} Bxf3 $1 8. Qxf3 Bxe5 9. Bd2 {White has an edge.} Nf6 10. O-O-O Qe7 11. Qf5 O-O 12. Rhe1 Rad8 (12... Bxh2 $2 13. e5 $18) 13. f4 Bxc3 $146 ({Predecessor:} 13... Bd4 14. e5 Nd5 {1-0 (30) Nepomniachtchi,I (2476)-Ursic,S (1968) Ljubljana 2004}) 14. Bxc3 Rxd1+ 15. Kxd1 Rd8+ 16. Kc1 Ne8 17. e5 g6 18. Qe4 Qe6 19. b3 (19. h3 {keeps more tension.} Ng7 20. g4 b5 21. b3 c5 22. Qe3) 19... Ng7 20. h3 Qd5 21. g4 (21. Qe2 {is interesting.} Ne6 22. Qe3 Qc5 23. Qxc5 Nxc5 24. g4) 21... Qxe4 22. Rxe4 $14 {[%mdl 4096] Endgame KRB-KRN} Kf8 23. Re1 Ne6 24. Rf1 c5 25. Kb2 Rd5 26. a3 Nd8 27. f5 gxf5 28. gxf5 Nc6 29. Re1 b5 {White must now prevent ...b4.} 30. Kb1 Nd4 31. f6 (31. Bxd4 $5 cxd4 32. Kc1 $11) 31... Nf3 32. Re4 Rd1+ 33. Kb2 Rh1 (33... Ng5 $11 {keeps the balance.} 34. Rh4 Ke8) 34. e6 $1 $16 {[%cal Re6e7]} fxe6 35. Rxe6 Rxh3 36. Rc6 Ng5 37. Rxc7 (37. Rxc5 Ne4 $19) (37. Rxa6 $16 {White wants to play Rc6.} Ne4 38. Ba5) 37... Ne4 $1 $11 {[%cal Re4c3]} 38. Be5 Rh5 39. Bf4 Nxf6 40. Bd6+ Ke8 41. Bxc5 Nd7 42. Bb4 Rh6 43. c4 Rh2+ 44. Kc3 Rh3+ 45. Kd4 Rxb3 46. c5 a5 47. Be1 Nxc5 48. Kxc5 ({Weaker is} 48. Rxc5 b4 $18) 48... Rxa3 49. Kxb5 $14 {KRB-KR} h5 50. Bxa5 {Hoping for Bb4.} Rd3 51. Kc6 Rd1 52. Bb4 {aiming for Re7+.} Rc1+ 53. Bc5 $1 h4 $2 {[%mdl 8192] [#]} (53... Re1 $16 54. Rh7 Re4) 54. Re7+ $1 Kd8 55. Rh7 $2 (55. Re3 {mates} Rb1 56. Bb6+ Rxb6+ 57. Kxb6 Kd7 58. Kc5 h3 59. Rxh3 Ke6 60. Rh5) 55... Ke8 $16 56. Kd5 {Threatens to win with Bd6.} Rd1+ 57. Bd4 h3 58. Ke6 {[%cal Rh7h8]} ({Not} 58. Rxh3 Kf7 $18) 58... Kd8 $2 {[%mdl 8192]} (58... Re1+ $16 59. Be5 Rf1 60. Rxh3 Rf7 61. Rh8+ Rf8 62. Rh7 Rf2 63. Rb7 Rd2) 59. Be5 {[%cal Rh7h8]} Kc8 60. Rc7+ ({Less strong is} 60. Rxh3 Kb7 $18) 60... Kd8 {White mates.} 61. Rc3 Re1 62. Rxh3 {[%cal Rh3h8]} Kc8 {[#]} 63. Rb3 $1 {Accuracy: White = 58%, Black = 42%.} 1-0

[Event "Portugal Open 2019"]
[Site "Lisbon"]
[Date "2019.02.08"]
[Round "8.12"]
[White "Miezis, Normunds"]
[Black "Bartel, Michal"]
[Result "1-0"]
[WhiteElo "2467"]
[BlackElo "2306"]
[Annotator "TA"]
[PlyCount "67"]
[EventDate "2019.01.25"]
[EventType "swiss"]
[EventCountry "POR"]
[SourceTitle "playchess.com"]
[Source "ChessBase"]
[SourceQuality "1"]

{[%evp 11,67,-15,-10,-22,-12,-18,-13,-7,64,60,77,80,96,67,95,98,100,98,92,91,92,87,87,55,124,122,149,132,143,124,158,99,106,32,86,85,107,89,133,131,142,120,114,92,233,238,233,257,526,519,528,528,517,506,456,368,29984,29985]} 1. c4 e5 2. Nc3 Bb4 3. Nd5 Be7 4. d4 d6 5. g3 (5. Nf3 e4 6. Nd2 f5 7. Nb1 Nf6 8. Nxe7 Qxe7 9. Nc3 Qf7 10. e3 O-O 11. Be2 d5 12. cxd5 Nxd5 13. Nxd5 Qxd5 {1-0 (52) Andersen,M (2597)-Hector,J (2507) Denmark 2019}) 5... Nf6 6. Nxe7 {A21: English Opening: 1...e5 2 Nc3} Qxe7 {LiveBook: 3 Games} 7. Bg2 $1 O-O 8. Nf3 {The position is equal.} c5 9. d5 $146 ({Predecessor:} 9. dxe5 dxe5 10. O-O e4 11. Ng5 Nc6 12. Bd2 b6 13. Qc1 Nd4 14. Re1 h6 15. Nh3 Bg4 16. Nf4 g5 17. f3 gxf4 18. fxg4 e3 {0-1 (18) Czebe,A (2492)-Vishnu,P (2483) Budapest 2013}) 9... Ne8 (9... h6 $11) 10. e4 $14 Nc7 11. a4 Bg4 12. Qb3 Bxf3 13. Bxf3 b6 14. O-O Nd7 15. h4 {[%cal Bh2h4,Bh4h5,Bh5h6][%mdl 32]} Rfb8 16. Bg5 Qe8 17. h5 a6 (17... h6 $14 18. Bh4 a6) 18. h6 $16 f6 19. Bd2 g6 20. Bg4 b5 21. Qc2 (21. axb5 $142 axb5 22. Rxa8 Rxa8 23. cxb5) 21... bxc4 22. Be2 ({White should play} 22. Ba5 $16 Nb6 23. Rfb1) 22... Qe7 (22... Qf8 $14) 23. Bxc4 Rf8 24. Rae1 Ra7 25. f4 Na8 26. Bc3 Nab6 {[#]} 27. Be2 $1 Rf7 (27... a5 $16) 28. Bg4 $18 Nf8 29. fxe5 fxe5 $2 (29... dxe5 {keeps fighting.} 30. Bd2 a5) 30. Rxf7 Qxf7 31. Qb3 Rb7 32. Rf1 Qe7 {intending ...Qg5.} 33. Bd2 Na8 $2 {[#]} (33... c4 $18 34. Qc3 Rc7) 34. Bg5 $1 {[%mdl 512] Precision: White = 61%, Black = 29%.} 1-0